| 000 | 01139nam a22003017a 4500 | ||
|---|---|---|---|
| 001 | BR2010000853 | ||
| 003 | BR-BrBNA | ||
| 005 | 20230928103202.0 | ||
| 007 | ta | ||
| 008 | 230509b bl.||||| |||| 00| 0 por d | ||
| 040 |
_aBR-BrBNA _bpor _cBiblioteca Nacional de Agricultura |
||
| 041 | _a(Por) | ||
| 072 |
_aQ03 _b9410 _b4110 |
||
| 090 | _ 9410 BR2010000853 | ||
| 100 | 1 | _aSantos, A.K.R. | |
| 110 | 1 |
_aUniversidade Federal de Minas Gerais, Belo Horizonte, MG (Brasil). Escola de Veterinária _0Tese (Mestre em Ciência Animal) _910868 |
|
| 245 | 1 | _aComparação entre os meios de cultura Baird-Parker - RPF e Petrifilm TM Staph Express na detecção de Staphylococcus coagulase positivo em leite cru naturalmente contaminado e em leite esterilizado inoculado com culturas específicas | |
| 260 | 3 |
_aBelo Horizonte, MG (Brasil): _c2008. |
|
| 300 | _a53 p. | ||
| 500 | _aSummaries (Eng, Por); Bibliography p. 44-52; 13 illus. | ||
| 650 | _aLEITE | ||
| 650 | _aANÁLISE BACTERIOLÓGICA | ||
| 650 | _aESTAFILOCOCO | ||
| 650 | _aBACTÉRIA | ||
| 650 | _aCONTAMINAÇÃO | ||
| 909 |
_a202309 _bLucia _c55 _dLucia Elande |
||
| 942 | _cBK | ||
| 999 |
_c74056 _d74056 |
||